000 00386nam a2200145Ia 4500
008 150201s2000 xx 000 0 und d
082 _a612.015
_bD2000S
100 _aSINGH,S.P.
245 _aTEXT BOOK OF DENTAL BIOCHEMISTRY
250 _a1ST
260 _bC.B.S PUBLISHERS & DISTRIBUTERS
_aDARYAGANJ (NEW DELHI)
_c2000
300 _a1-274
650 _aBIOCHEMISTRY
942 _2ddc
_cBK
999 _c2602
_d2602